00589nam a22001697a 4500003000400000005001700004008004100021040000900062100003200071245009200103260004300195300002300238650003200261650004800293650005700341700002100398OSt20130618122636.0130618s2007 sp ||||| |||| 00| 0 spa d cCDMR1 aFernández Arribas, Javier10aCómo informar sobre infancia y violenciacJavier Fernández Arribas, Myriam Noblejas a[Valencia]bCentro Reina sofíac2007 a154 p.e+ 1 CD-ROM04aPeriodismexManuals d'estil04aMitjans de comunicació de massa i infants04aViolència en els mitjans de comunicació de massa1 aNoblejas, Myriam